Countries on the 2026 F1 Calendar - Statistics

General Stats
  • This quiz has been taken 81 times
    72 since last reset
  • The average score is 18 of 21
Answer Stats
Hint Answer % Correct
Oceania Australia
98%
North America United States of America
96%
Asia Japan
95%
Asia China
93%
North America Canada
91%
Europe Spain
91%
South America Brazil
89%
Europe Italy
88%
Europe Belgium
86%
Europe United Kingdom
86%
North America Mexico
84%
Asia Qatar
84%
Europe Netherlands
82%
Europe Monaco
80%
Asia Bahrain
77%
Asia Singapore
75%
Europe Austria
73%
Europe/Asia Azerbaijan
73%
Asia Saudi Arabia
73%
Europe Hungary
71%
Asia United Arab Emirates
70%
No matching quizzes found
Score Distribution
Percent of People with Each Score
Percentile by Number Answered
Your Score History
You have not taken this quiz since the last reset